Inkspell / (Record no. 4964)
[ view plain ]
| 000 -LEADER | |
|---|---|
| fixed length control field | 01732nam a22003017a 4500 |
| 001 - CONTROL NUMBER | |
| control field | 4964 |
| 003 - CONTROL NUMBER IDENTIFIER | |
| control field | FISKH |
| 005 - DATE AND TIME OF LATEST TRANSACTION | |
| control field | 20241028154805.0 |
| 008 - FIXED-LENGTH DATA ELEMENTS--GENERAL INFORMATION | |
| fixed length control field | 241028b cb ||||| |||| 00| 0 eng d |
| 020 ## - INTERNATIONAL STANDARD BOOK NUMBER | |
| International Standard Book Number | 9780439554015 |
| 040 ## - CATALOGING SOURCE | |
| Original cataloging agency | FISKH |
| Language of cataloging | eng |
| Transcribing agency | FISKH |
| Modifying agency | FISKH |
| 050 ## - LIBRARY OF CONGRESS CALL NUMBER | |
| Classification number | PZ7.F96624 |
| 082 ## - DEWEY DECIMAL CLASSIFICATION NUMBER | |
| Classification number | 833.914 |
| 100 ## - MAIN ENTRY--PERSONAL NAME | |
| Personal name | Funke , Cornelia |
| 245 ## - TITLE STATEMENT | |
| Title | Inkspell / |
| Statement of responsibility, etc. | by Cornelia Funke |
| 250 ## - EDITION STATEMENT | |
| Edition statement | First Scholastic paperback printing, April 2007 |
| 260 ## - PUBLICATION, DISTRIBUTION, ETC. | |
| Place of publication, distribution, etc. | New York : |
| Name of publisher, distributor, etc. | Scholastic ; |
| Date of publication, distribution, etc. | 2005 . |
| 300 ## - PHYSICAL DESCRIPTION | |
| Extent | 655 pages : |
| Other physical details | illustrations ; |
| Dimensions | 20 cm . |
| 490 ## - SERIES STATEMENT | |
| Series statement | Inkworld |
| 505 ## - FORMATTED CONTENTS NOTE | |
| Formatted contents note | U <br/> |
| 520 ## - SUMMARY, ETC. | |
| Summary, etc. | Fantasy. Juvenile Fiction. Juvenile Literature. HTML:Although a year has passed, not a day goes by without Meggie thinking of Inkheart, the book whose characters came to life�and changed her life forever.<br/><br/>But for Dustfinger, the fire-eater brought into being from words, the need to return to the original tale has become desperate. When he finds a crooked storyteller with the magical ability to read him back, Dustfinger leaves behind his young apprentice Farid and plunges into the medieval inkscape once more.<br/><br/>Distraught, Farid goes in search of Meggie, and before long both are caught inside the book, too. There they meet Inkheart's author, Fenoglio, now living within his own story. But the tale is much changed, and threatening to evolve in ways none of them would have ever imagined. Will Meggie, Farid, and Fenoglio manage to write the wrongs of a charmed world? Or is their story on the brink of a very bad ending? |
| 521 8# - TARGET AUDIENCE NOTE | |
| Target audience note | 820 <br/> |
| Source | Lexile <br/> |
| 521 8# - TARGET AUDIENCE NOTE | |
| Target audience note | U <br/> |
| Source | Raz-Plus <br/> |
| 650 ## - SUBJECT ADDED ENTRY--TOPICAL TERM | |
| Topical term or geographic name entry element | fantasy |
| Form subdivision | fiction |
| 700 ## - ADDED ENTRY--PERSONAL NAME | |
| Personal name | Anthea, Bell |
| Relator term | translator |
| 942 ## - ADDED ENTRY ELEMENTS (KOHA) | |
| Source of classification or shelving scheme | Dewey Decimal Classification |
| Koha item type | Books |
| Suppress in OPAC | No |
| Withdrawn status | Lost status | Source of classification or shelving scheme | Damaged status | Not for loan | Collection | Home library | Current library | Shelving location | Date acquired | Total Checkouts | Full call number | Barcode | Date last seen | Date last checked out | Price effective from | Koha item type |
|---|---|---|---|---|---|---|---|---|---|---|---|---|---|---|---|---|
| Dewey Decimal Classification | Fiction | Footprints International School Library Network Toul Tom Poung Campus | Footprints International School Library Network Toul Tom Poung Campus | TTP Secondary Fiction Bookshelves | 10/28/2024 | 1 | FUN 833.914 PZ7.F96624 | FISSE02027 | 11/10/2025 | 10/31/2025 | 10/28/2024 | Books |
